Polscy skoczkowie narciarscy z podium w Pucharze Świata - Statystyki

Ogólne statystyki
  • Ten quiz został rozwiązany 154 razy
    153 od ostatniego zresetowania
  • Średni wynik to 11 z 14
Statystyki odpowiedzi
# 1 2 3 Razem Skoczek % Poprawnych
1. 39 27 26 92 Adam Małysz
100%
2. 39 22 19 80 Kamil Stoch
100%
4. 2 7 14 23 Piotr Żyła
100%
3. 11 9 18 38 Dawid Kubacki
98%
7. 2 1 0 3 Maciej Kot
94%
10. 0 0 1 1 Paweł Wąsek
83%
8. 0 0 2 2 Aleksander Zniszczoł
77%
10. 1 0 0 1 Krzysztof Biegun
76%
8. 1 0 1 2 Jan Ziobro
73%
5. 3 1 6 10 Piotr Fijas
72%
10. 0 1 0 1 Andrzej Stękała
70%
10. 0 0 1 1 Tadeusz Fijas
70%
6. 1 2 1 4 Stanisław Bobak
56%
10. 0 0 1 1 Janusz Malik
13%
Nie znaleziono quizów pasujących do podanych kryteriów
Rozkład punktacji
Procent ludzi z każdym wynikiem
Percentyl według liczby udzielonych odpowiedzi
Twoja historia wyników
Nie rozwiązałeś tego quizu od ostatniego zresetowania